Актуальные тенденции развития инженерного образования России; Инженерное образование; № 11
| Parent link: | Инженерное образование: электронный научный журнал/ Ассоциация инженерного образования России (АИОР).— : [Б. и.], 2003-.— 1810-2883 № 11.— 2012.— [С. 78-81] |
|---|---|
| Hovedforfatter: | |
| Institution som forfatter: | |
| Andre forfattere: | |
| Summary: | Заглавие с титульного листа В статье рассмотрены актуальные тенденции развития инженерного образования России: обеспечение гарантий качества образования и внедрение сертификации квалификаций с целью получения объективной оценки уровня подготовки специалистов в учебных заведениях. The article deals with the current trends in engineering education of Russia: engineering education quality assurance and introduction of the system for certification of engineering qualifications in order to get impartial assessment of the level of training at higher education institutions. |
| Sprog: | russisk |
| Udgivet: |
2012
|
| Serier: | Материалы Общероссийской научно-практической конференции "Подходы к формированию национальной доктрины инженерного образования России в условиях новой индустриализации" (4-6 декабря 2012 года, г. Томск) Пути повышения качества инженерного образования |
| Fag: | |
| Online adgang: | https://old.aeer.ru/files/io/m11/art_15.pdf |
| Format: | MixedMaterials Electronisk Book Chapter |
| KOHA link: | https://koha.lib.tpu.ru/cgi-bin/koha/opac-detail.pl?biblionumber=516943 |
MARC
| LEADER | 00000naa2a2200000 4500 | ||
|---|---|---|---|
| 001 | 516943 | ||
| 005 | 20250520165321.0 | ||
| 035 | |a (RuTPU)RU\TPU\prd\194948 | ||
| 035 | |a RU\TPU\prd\194947 | ||
| 090 | |a 516943 | ||
| 100 | |a 20130911d2012 k y0rusy50 ca | ||
| 101 | 0 | |a rus | |
| 102 | |a RU | ||
| 135 | |a drnn ---uucaa | ||
| 181 | 0 | |a i | |
| 182 | 0 | |a b | |
| 200 | 1 | |a Актуальные тенденции развития инженерного образования России |b Электронный ресурс |f В. М. Приходько, В. А. Зорин | |
| 203 | |a Текст |c электронный | ||
| 215 | |a 1 файл (99 Кб) | ||
| 225 | 1 | |a Материалы Общероссийской научно-практической конференции "Подходы к формированию национальной доктрины инженерного образования России в условиях новой индустриализации" (4-6 декабря 2012 года, г. Томск) | |
| 225 | 1 | |a Пути повышения качества инженерного образования | |
| 230 | |a Электронные текстовые данные (1 файл : 99 Кб) | ||
| 300 | |a Заглавие с титульного листа | ||
| 320 | |a [Библиогр.: с. 81 (2 назв.)] | ||
| 330 | |a В статье рассмотрены актуальные тенденции развития инженерного образования России: обеспечение гарантий качества образования и внедрение сертификации квалификаций с целью получения объективной оценки уровня подготовки специалистов в учебных заведениях. | ||
| 330 | |a The article deals with the current trends in engineering education of Russia: engineering education quality assurance and introduction of the system for certification of engineering qualifications in order to get impartial assessment of the level of training at higher education institutions. | ||
| 337 | |a Adobe Reader | ||
| 461 | 1 | |0 (RuTPU)RU\TPU\prd\176632 |x 1810-2883 |t Инженерное образование |o электронный научный журнал |f Ассоциация инженерного образования России (АИОР) |n [Б. и.] |d 2003- | |
| 463 | 1 | |0 (RuTPU)RU\TPU\prd\194819 |t № 11 |v [С. 78-81] |d 2012 | |
| 610 | 1 | |a высшее профессиональное образование | |
| 610 | 1 | |a инженерное образование | |
| 610 | 1 | |a российское образование | |
| 610 | 1 | |a развитие | |
| 610 | 1 | |a тенденции | |
| 610 | 1 | |a конференции | |
| 610 | 1 | |a электронный ресурс | |
| 700 | 1 | |a Приходько |b В. М. | |
| 701 | 1 | |a Зорин |b В. А. | |
| 712 | 1 | 2 | |a "Подходы к формированию национальной доктрины инженерного образования России в условиях новой индустриализации", общероссийская научно-практическая конференция |e Томск |f 2012 |
| 801 | 1 | |a RU |b 63413507 |c 20090623 |g PSBO | |
| 801 | 2 | |a RU |b 63413507 |c 20130911 |g PSBO | |
| 856 | 4 | |u https://old.aeer.ru/files/io/m11/art_15.pdf | |
| 942 | |c BK | ||